000 01811nam a2200469 i 4500
001 33285
003 KOSZ 005
005 20200806112522.0
008 200806s1996 pl a f f 000 0 pol
015 _aPB 1996/13786
020 _a8320810450
035 _a(OCoLC)749576146
040 _aWA N
_cWA N
_dKOSZ 005/HR
_dKOSZ 005/RW
046 _k1996
080 _a368(438)
080 _a339.13(438)
100 1 _aNowotarska-Romaniak, Beata
_eAutor
245 1 0 _aMarketing usług ubezpieczeniowych /
_cBeata Nowotarska-Romaniak.
260 _aWarszawa :
_bPolskie Wydawnictwo Ekonomiczne,
_c1996.
300 _a191, [1] stron :
_bilustracje, mapa ;
_c21 cm.
336 _aTekst
_btxt
_2rdacontent
337 _aBez urządzenia pośredniczącego
_bn
_2rdamedia
338 _aWolumin
_bnc
_2rdacarrier
380 _aKsiążki
380 _aPublikacje fachowe
388 1 _a1901-2000
388 1 _a1989-2000
490 1 _aMarketing bez Tajemnic.
504 _aBibliografia na stronach [190]-191.
521 8 _aKsiążka jest adresowana do biznesmenów, menedżerów, kadry kierowniczej urzędów administracji państwowej i samorządowej, studentów wyższych uczelni wszystkich typów oraz słuchaczy różnych kursów i szkoleń doskonalących umiejętności kierownicze i menedżerskie.
650 7 _aMarketing
650 7 _aRynek ubezpieczeniowy
650 7 _aUbezpieczenia
651 7 _aPolska
655 7 _aPoradnik
658 _aGospodarka, ekonomia, finanse
658 _aZarządzanie i marketing
710 2 _aPolskie Wydawnictwo Ekonomiczne
_4pbl.
830 0 _aMarketing bez Tajemnic
856 _uhttp://koha.tu.koszalin.pl/cgi-bin/koha/opac-detail.pl?biblionumber=33285
_yKatalog online BPK
942 _2UKD
_cKS
999 _c33285
_d33285